000 00563nam a2200229Ia 4500
003 OSt
005 20221005130721.0
006 a|||||r|||| 00| 0
007 ta
008 221004b |||||||| |||| 00| 0 mal d
024 _a59127
037 _cTextual
040 _aCRL
_cCRL
_bmal
041 _2mal
_amal
082 _aV222,1wL51, 32J8
100 _aMenon Raman
_9632234
245 0 _aSakthan thamburan
260 _c1958
650 _aHISTORY
942 _hV222,1wL51, 32J8
_cTEXL
_2cc
999 _c1058163
_d1058163